Statistics for Spit It Out - first verse and chorus gap fill

Click here to take the quiz!

General Stats

  • This quiz has been taken 5 times
  • The average score is 15 of 23

Answer Stats

LyricAnswer% Correct
Big mouth fucker, stupid ______Cocksucker
100%
Stop, __ and roll- you were dead from the git-go!Drop
100%
Always is, and ____ wasNever
100%
Is there any way to break through the ____?Noise
100%
Are you _____ __ __ ___? then you're dumber than i thoughScared of me now
100%
Maybe it's time you had the ___ turnedTables
100%
And the ___ is guilty...Verdict
100%
________ made of piss and vinegarFoundation
80%
Was it something that I ____ that got you bent?Said
80%
Steppin' where you fear to ___Tread
80%
All you wanna do is ____ __ ____Drag me down
60%
All you wanna do is ____ __ ___Drag me down
60%
Just another ____ ____ chompin' at this titDumb punk
60%
Sanity, _____ profanity - hit me!Literal
60%
____ __ ___Spit it out
60%
____ __ ___Spit it out
60%
All I wanna do is ____ ___ ___Stamp you out
60%
All I wanna do is ____ __ ___Stamp you out
60%
_____ __ ____ ___ if you want itGotta be that way
40%
Since you never ___ a damn in the first place,Damn
20%
'Cause in the interest of all ___, i got the problem solvedInvloved
20%
Man nearly ___ meKilled me
20%
Step to me, I'll _____ ya - think I fear you? Bullshit!Smear
20%

Score Distribution

Percentile by Number Answered

Percent of People with Each Score

Your Score History

You have not taken this quiz